000 00666nam a2200193Ia 4500
003 GCL
008 140319s9999 xx 000 0 ara d
040 _aGCL /
_cGCL
082 0 4 _a135.3
_bا ك
100 1 _aعبدالمنعم الحفنى
245 1 0 _aكتاب تعبير الرؤيا : اول واهم الكتب فى تفسير الاحلام /
_cعبدالمنعم الحفنى
700 1 _aحنين بن اسحق
700 1 _aالافسى، ارطميدورس
300 _a224 ص
490 _aالهيئة العامة للاستعلامات
_v0
650 0 4 _aالتحليل النفسى
650 0 4 _aالاحلام - تفسير
942 _2ddc
_cBK
999 _c48952
_d48952